Rebel blade / Davinia Evans.
Available copies
- 1 of 1 copy available at LARL/NWRL Consortium.
- 1 of 1 copy available at Lake Agassiz Regional Library. (Show preferred library)
Current holds
0 current holds with 1 total copy.
Show Only Available Copies
| Location | Call Number / Copy Notes | Barcode | Shelving Location | Status | Due Date |
|---|---|---|---|---|---|
| Breckenridge Public Library | SF EVA (Text) | 33500014201172 | New | Available | - |
Record details
- ISBN: 9780316398435
- ISBN: 0316398438
- Physical Description: 454 pages : map ; 21 cm.
- Publisher: New York : Orbit, 2024.
Content descriptions
| General Note: | Includes Extras with excerpts from These deathless shores by P.H. Low and How to become the dark ... Read More |
| Summary, etc.: | "Siyon Velo has given magic back to the Mundane. ... Read More |
Search for related items by subject
| Subject: | Magic > Fiction. Imaginary places > Fiction. Good and evil > Fiction. |
| Genre: | Fantasy fiction. |
Search for related items by series
| LDR | 01818nam a2200325Ma 4500 | ||
|---|---|---|---|
| 001 | 442275 | ||
| 003 | LARL_NWRL_CONSORTIUM | ||
| 005 | 20250512174813.0 | ||
| 008 | 241017s2024 nyub e 000 1 eng d | ||
| 010 | . | ‡a 2024017123 | |
| 040 | . | ‡aDUD ‡beng ‡cDUD ‡dOCLCO | |
| 020 | . | ‡a9780316398435 ‡q(trade pbk) | |
| 020 | . | ‡a0316398438 | |
| 035 | . | ‡a(OCoLC)1484535304 | |
| 082 | 0 | 0. | ‡a823.92 |
| 100 | 1 | . | ‡aEvans, Davinia. |
| 245 | 1 | 0. | ‡aRebel blade / ‡cDavinia Evans. |
| 260 | . | ‡aNew York : ‡bOrbit, ‡c2024. | |
| 300 | . | ‡a454 pages : ‡bmap ; ‡c21 cm. | |
| 490 | 0 | . | ‡aBurnished city ; ‡v3 |
| 500 | . | ‡aIncludes Extras with excerpts from These deathless shores by P.H. Low and How to become the dark lord and die trying by Django Wexler. | |
| 520 | . | ‡a"Siyon Velo has given magic back to the Mundane. But with it, monsters of myth have awoken to cause chaos in Bezim and--of course--everyone's blaming him. Hunted high and low, Siyon struggles against the rising tide of mystery, magic and mayhem threatening the city that's turned its back on him. In the Flower District, Lady Sable has unleashed chaos. But in the Avenues, Anahid is desperate to keep her slippery secrets just a little longer, until Zagiri can join the forth and frippery of high society. With scandal stalking the sisters and revolution rumbling anew, the best--and the worst--they can do may not be enough to save their city... The Alchemist must rise, or Bezim will burn"-- ‡cProvided by publisher. | |
| 650 | 0. | ‡aMagic ‡vFiction. ‡0(LARL_NWRL_CONSORTIUM)165984 | |
| 650 | 0. | ‡aImaginary places ‡vFiction. ‡0(LARL_NWRL_CONSORTIUM)169861 | |
| 650 | 0. | ‡aGood and evil ‡vFiction. ‡0(LARL_NWRL_CONSORTIUM)165509 | |
| 655 | 7. | ‡aFantasy fiction. ‡2lcgft | |
| 901 | . | ‡a442275 ‡bOCoLC ‡c442275 ‡tbiblio ‡soclc | |

Add to basket
Permalink
Disable Highlighting